Understanding digital signal processing (Record no. 8334)
[ view plain ]
| 000 -LEADER | |
|---|---|
| fixed length control field | 00980 a2200145 4500 |
| 020 ## - INTERNATIONAL STANDARD BOOK NUMBER | |
| International Standard Book Number | 0201634678 |
| 040 ## - CATALOGING SOURCE | |
| Original cataloging agency | DLC |
| Language of cataloging | DLC |
| 100 1# - MAIN ENTRY--PERSONAL NAME | |
| Personal name | Lyons, Richard G., |
| 245 10 - TITLE STATEMENT | |
| Title | Understanding digital signal processing |
| Statement of responsibility, etc. | Richard G. Lyons. |
| 260 ## - PUBLICATION, DISTRIBUTION, ETC. | |
| Place of publication, distribution, etc. | Reading, Mass. : |
| Name of publisher, distributor, etc. | Addison Wesley Pub. Co., |
| Date of publication, distribution, etc. | c1997. |
| 300 ## - PHYSICAL DESCRIPTION | |
| Extent | xvii, 517 p. : |
| Other physical details | ill. ; |
| Dimensions | 24 cm. |
| 520 ## - SUMMARY, ETC. | |
| Summary, etc. | This is undoubtedly the most accessible book on digital signal processing (DSP) available to the beginner. Using intuitive explanations and well-chosen examples, this book gives you the tools to develop a fundamental understanding of DSP theory. The author covers the essential mathematics by explaining the meaning and significance of the key DSP equations. Comprehensive in scope, and gentle in approach, the book will help you achieve a thorough grasp of the basics and move gradually to more sophisticated DSP concepts and applications. |
| 650 #0 - SUBJECT ADDED ENTRY--TOPICAL TERM | |
| Topical term or geographic name entry element | Signal processing |
| General subdivision | Digital techniques. |
| 942 ## - ADDED ENTRY ELEMENTS (KOHA) | |
| Koha item type | Book |
| Call number prefix | 621.3822 LYO |
| Source of classification or shelving scheme | |
| Withdrawn status | Lost status | Damaged status | Not for loan | Collection code | Permanent Location | Current Location | Shelving location | Date acquired | Source of acquisition | Cost, normal purchase price | Total Checkouts | Total Renewals | Full call number | Barcode | Date last seen | Date last checked out | Price effective from | Koha item type |
|---|---|---|---|---|---|---|---|---|---|---|---|---|---|---|---|---|---|---|
| Central Library (CL) | Central Library (CL) | General Stacks | 09/24/2003 | Vanguard | 463.50 | 5 | 1 | 621.3822 LYO | SEECS003862 | 02/02/2023 | 02/01/2016 | 01/05/2017 | Book |
